000 00413nam a22001577a 4500
003 MPLRDC
005 20220104143323.0
008 210129b ||||| |||| 00| 0 eng d
082 _a050.1 DZWZ v.1 1989 c.3*
100 _a郑健娜总编辑
245 _a读者文摘. 一月号89
_c
260 _a
_b读者文摘亚洲有限公司
_c1989
300 _b
650 _a
942 _cBK
_o050.1 DZWZ v.1 1989 c.3*
999 _c38758
_d38748